The good, the bad and the witchy. #3 / Heather ... Read More
Available copies
- 1 of 1 copy available at LARL/NWRL Consortium. (Show)
- 1 of 1 copy available at Lake Agassiz Regional Library.
Current holds
0 current holds with 1 total copy.
Show Only Available Copies
| Location | Call Number / Copy Notes | Barcode | Shelving Location | Status | Due Date |
|---|---|---|---|---|---|
| Crookston Public Library | M BLA (Text) | 33500011006020 | Main | Available | - |
Record details
- ISBN: 9780451239693 (pbk.)
- ISBN: 0451239695 (pbk.)
- Physical Description: 309 p. ; 18 cm.
- Publisher: New York : Obsidian, 2013.
Content descriptions
| Summary, etc.: | When a cake delivery boy is found dead on the day ... Read More |
Search for related items by subject
| Subject: | Witches > Fiction. |
| Genre: | Ghost stories. Occult fiction. Mystery fiction. |
Search for related items by series
| LDR | 01756cam a2200433Ia 4500 | ||
|---|---|---|---|
| 001 | 152884 | ||
| 003 | LARL_NWRL_CONSORTIUM | ||
| 005 | 20160718202204.0 | ||
| 008 | 130130s2013 nyu 000 f eng d | ||
| 015 | . | ‡aGBB310926 ‡2bnb | |
| 016 | 7 | . | ‡a016269754 ‡2Uk |
| 019 | . | ‡a795168081 ‡a831397367 | |
| 020 | . | ‡a9780451239693 (pbk.) | |
| 020 | . | ‡a0451239695 (pbk.) | |
| 035 | . | ‡a(OCoLC)827266987 ‡z(OCoLC)795168081 ‡z(OCoLC)831397367 | |
| 082 | 0 | 4. | ‡a813.6 ‡223 |
| 100 | 1 | . | ‡aBlake, Heather, ‡eauthor. ‡0(LARL_NWRL_CONSORTIUM)221048 |
| 245 | 1 | 4. | ‡aThe good, the bad and the witchy. ‡n#3 / ‡cHeather Blake. |
| 260 | . | ‡aNew York : ‡bObsidian, ‡c2013. | |
| 300 | . | ‡a309 p. ; ‡c18 cm. | |
| 336 | . | ‡atext ‡2rdacontent | |
| 337 | . | ‡aunmediated ‡2rdamedia | |
| 338 | . | ‡avolume ‡2rdacarrier | |
| 490 | 0 | . | ‡aWishcraft mystery ; ‡v3 |
| 520 | . | ‡aWhen a cake delivery boy is found dead on the day of floracrafter Harriette Hearkette's 80th birthday celebration, Darcy Merriweather, a witch who can grant wishes for others, is bonded to the boy's ghost until she can solve the mystery surrounding his death. | |
| 650 | 0. | ‡aWitches ‡vFiction. ‡0(LARL_NWRL_CONSORTIUM)168002 | |
| 655 | 7. | ‡aGhost stories. ‡2gsafd | |
| 655 | 7. | ‡aOccult fiction. ‡2gsafd | |
| 655 | 7. | ‡aMystery fiction. ‡2gsafd | |
| 901 | . | ‡a152884 ‡bOCLC ‡c152884 ‡tbiblio | |

Add to basket
Permalink
Disable Highlighting